| 000 | 00604nam a2200217Ia 4500 | ||
|---|---|---|---|
| 003 | OSt | ||
| 005 | 20220926010609.0 | ||
| 006 | a|||||r|||| 00| 0 | ||
| 007 | ta | ||
| 008 | 220923b |||||||| |||| 00| 0 eng d | ||
| 037 | _cGeneral Book | ||
| 040 |
_aRTL _cRTL _beng |
||
| 041 |
_2eng _aeng |
||
| 082 | _aYxM58S, M4 | ||
| 100 |
_aSimmel Georg _9233297 |
||
| 245 | 0 | _aOn women, sexuality and love. Tr. by Guy Oakes | |
| 260 |
_aNew Haven _bYale University Press _c1984 |
||
| 300 |
_avi, 194p _ccm. |
||
| 942 |
_hYxM58S, M4 _cGB _2CC |
||
| 999 |
_c617715 _d617715 |
||